000 00506nam a2200193Ia 4500
005 20250508165608.0
008 008 250505s9999 xx 000 0 eng d
037 _aTextual
040 _aFEDL
_beng
_cFEDL
041 _aeng
_2eng
084 _a005.265, SWA
_qFEDL
100 _aSwan Tom
245 0 _aMastering Turbo pascal
260 _aNew Delhi, India
_bBPB publication
_c1987
300 _a450
365 _aINR
_b75
942 _cTEXL
_h005.265, SWA
999 _c1396091
_d1396091